American literature

Sparad:
Bibliografiska uppgifter
Huvudupphovsman: Đinh Thị Minh Hiền
Materialtyp: Bok
Språk:Undetermined
Publicerad: Hà Nội Giáo Dục 1999
Ämnen:
Taggar: Lägg till en tagg
Inga taggar, Lägg till första taggen!
Thư viện lưu trữ: Trung tâm Học liệu Trường Đại học Cần Thơ
LEADER 00579nam a2200193Ia 4500
001 CTU_37216
008 210402s9999 xx 000 0 und d
020 |b 13.400đ 
082 |a 813 
082 |b H305 
100 |a Đinh Thị Minh Hiền 
245 0 |a American literature 
245 0 |c Đinh Thị Minh Hiền 
260 |a Hà Nội 
260 |b Giáo Dục 
260 |c 1999 
650 |a american literature - history and criticism,american literature - study and teaching 
904 |i Minh, 000629 
980 |a Trung tâm Học liệu Trường Đại học Cần Thơ